000
00267nam a22001217a 4500
040
_c
HS
082
_a
634
100
_a
GERALD M, SAPERS
245
_a
Microbiology of fruits and vegetables
260
_a
France
_b
GERALD M, SAPERS
_c
2006
300
_a
633p;
942
_c
EK
999
_c
9593
_d
9593